Datum a čas kvízu
34.5
Celkem bodů
Celkový počet nahraných bodů na tomto kvízu bez doplňovacích otázek.
8.
Pořadí na kvízu
Konečné umístění týmu na tomto kvízu.
Zaznamenané odpovědi
| # | Otázka | Odpověď | Body | Výsledky |
|---|---|---|---|---|
| 1. | Piráti připravili návrh, podle... | 0 | ||
| 2. | Americký prezident Donald Trum... | 0 | ||
| 3. | Cenu Grammy za nejlepší rockov... | 0 | ||
| 4. | Zatímco s robotickým vozítkem... | 1 | ||
| 5. | Jak se jmenuje trenér, který v... | 1 | ||
| 6. | O Venezuele se poslední dobou... | 0 | ||
| 7. | Důvodem, proč se o Venezuele m... | 1 | ||
| 8. | Jak se slovy na V a K česky ří... | 0 | ||
| 9. | Nejvyšší vodopád na světě najd... | 1 | ||
| 10. | Vzhledem k přírodním podmínkám... | 1 |